000 00705nam a2200217Ii 4500
003 JO-AjNU
008 230605s9999||||xx |||||||||||||| ||und||
040 _aJO-AjNU
_bara
_erda
_cJO-AjNU
041 _aara
050 1 4 _aD23 1999
100 3 _aاعداد حنا، نهى، طنوس، يوسف م.مشارك؛ يعقوب، إميل اشراف,
_eauthor
_915570
245 0 0 _aالفنون
250 _aط1
264 3 1 _aببروت: دار الجيل، 1999
300 _a239ص
336 _atext
_btxt
_2rdacontent
337 _aunmediated
_bn
_2rdamedia
338 _avolume
_bnc
_2rdacarrier
490 0 _aالموسوعة الثقافية العامة
650 4 _aفن -- تاريخ. 
_915571
999 _aA4428
_c7996
_d7996